000 00859nam a2200205 a 4500
001 000041484
005 20201002034930.0
008 131007s1999 sp 000 0 spa d
020 _a84400078438
040 _aDO-SdBNP
_bspa
_cBNPHU
100 1 _aNúñez Olarte, Juan Manuel
_968174
245 1 3 _aEl hospital general de Madrid en el siglo XVIII :
_bactividad médico-quirúrgica) /
_cJuan Manuel Núñez Olarte.
260 _aMadrid :
_bConsejo Superior de Investigaciones Científicas,
_c1999.
300 _a356 p ;
_c19.
490 1 _aCuadernos Galileo de la Historia de la Ciencia
_v19
504 _aIncluye referencias bibliográficas y notas al pie de las páginas
504 _aBibliografía 323-333
710 2 _aConsejo Superior de Investigaciones Científicas(España)
_967719
830 0 _aCuadernos Galileo de la Historia de la Ciencia
_v19
_968175
999 _c40974
_d40974